Memorias edificantes sobre la vida religiosa del siervo de Dios /

Memorias de Carlo Odescalchi (1785-1841), cardenal italiano quien a pesar de sus títulos nobiliarios decidió guiarse por la vida religiosa y buscó ingresar a la Compañía de Jesús sin éxito hasta el papado de Gregorio XVI.

Uloženo v:
Podrobná bibliografie
Hlavní autor: Odescalchi, Carlo (autor)
Médium: Kniha
Jazyk:španělština
Témata:
Tagy: Přidat tag
Žádné tagy, Buďte první, kdo vytvoří štítek k tomuto záznamu!

MARC

LEADER 00000nam^a2200000^a^4500
001 000378011
005 20250526000000.0
009 20260310120433.098
037 |a Acervo Xavier Clavigero 
041 |a ESP 
082 |a 255. 530092  |b ODE 
100 |a Odescalchi, Carlo  |e (autor) 
245 1 0 |a Memorias edificantes sobre la vida religiosa del siervo de Dios /  |c C. Odescalchi. 
264 |a México :  |b Tipografía de R. Rafael,  |c 1846 
300 |a XV, 98 p. ;  |c 20.5 cm. 
336 |a texto  |b txt  |2 rdacontenido 
337 |a sin mediación  |b n  |2 rdamedio 
338 |a volumen  |b nc  |2 rdasoporte 
500 |a Traducción de: Memorie edificanti della vita del servo di Dio 
501 |a Encuadernación particular 
520 |a Memorias de Carlo Odescalchi (1785-1841), cardenal italiano quien a pesar de sus títulos nobiliarios decidió guiarse por la vida religiosa y buscó ingresar a la Compañía de Jesús sin éxito hasta el papado de Gregorio XVI. 
561 |a Ex libris de Instituto de Literatura Puente Grande, Jal. 
561 |a Ex libris de Bibl. Iunioratus Dom. Prob. S. Ioseph 
562 |a Falta cubierta 
649 |a XX 
650 |a Obispos de Italia -  |x Memorias 
650 |a Nobles Italianos -  |x Memorias 
650 |a Ministros Religiosos Italianos -  |x Memorias 
650 |a Jesuitas Italianos -  |x Memorias 
650 |a Jesuitas en Italia -  |x Historia -  |y Siglo XIX 
650 |a Iglesia Católica en Italia -  |x Historia -  |y Siglo XIX 
650 |a Iglesia Católica -  |x Historia -  |y Papa, 1831-1846 (Gregorio XVI) 
650 |a Sacramentos 
650 |a Votos Religiosos 
650 |a Vocación Religiosa 
650 |a Vida Cristiana 
650 |a Espiritualidad 
650 |a Catolicismo 
650 |a Cristianismo 
650 |a Religión 
650 |a Odescalchi, Carlo -  |x Tema Principal 
910 |a Fondo General 
920 |a Impresos - Libros 
930 |a Libros Antiguos y Raros 
940 |a Jesuitas 
905 |a 108 
901 |a 0500272776  |b IT2  |c LRA  |u 20250526 
902 |a https://opac.biblio.iteso.mx/vufind/Record/000378011